000 00550nam a2200193Ia 4500
005 20250508163333.0
008 008 250505s9999 xx 000 0 eng d
020 _a0-521-28154-7
037 _aTextual
040 _aFEDL
_beng
_cFEDL
041 _aeng
_2eng
084 _a418, LIT
_qFEDL
100 _aLittlewood William
245 0 _aCommunicative language teaching: An introduction
260 _aNew York, USA
_bCambridge University Press
_c1981
300 _axii,108p.
942 _cTEXL
_h418, LIT
999 _c1382402
_d1382402